Welcome to the Holygrace Academy Library

Please use search bar below to get started

COWS IN ACTION (Record no. 5810)

MARC details
000 -LEADER
fixed length control field 00291nam a22001217a 4500
020 ## - INTERNATIONAL STANDARD BOOK NUMBER
ISBN 978-1-862-30189
082 ## - DEWEY DECIMAL CLASSIFICATION NUMBER
Classification number 823
Item number COL/C
100 ## - MAIN ENTRY--AUTHOR NAME
Personal name COLE, EVE
245 ## - TITLE STATEMENT
Title COWS IN ACTION
Remainder of title THE TER-MOO-NATORS
260 ## - PUBLICATION, DISTRIBUTION, ETC. (IMPRINT)
Place of publication LONDON
Name of publisher THE RADOM HOUSE CHILDRENS BOOKS
Year of publication 2007
300 ## - PHYSICAL DESCRIPTION
Number of Pages 150
942 ## - ADDED ENTRY ELEMENTS (KOHA)
Koha item type Books
Holdings
Withdrawn status Lost status Collection code Home library Current library Shelving location Date acquired Source of acquisition Full call number Accession Number Koha item type
    Fiction Main Library Main Library SHELF 15 H-HARRY POTTER(CHARACTERISATION),WIMPY KID,DORK DIARIES 26/03/2014 Purchase 823 COL/C 08212 Books